000 01015naa a22002537a 4500
001 BR4200009
003 BR-BrBNA
005 20240918172800.0
007 ta
008 230509b bl.||||| |||| 00| 0 por d
040 _aBR-BrBNA
_bpor
_cBiblioteca Nacional de Agricultura
041 _a(Pt)
072 _aL00; F28
_b/G514
090 _aL00 BR4200009
100 1 _aAnon.
245 1 _aO fomento da producao animal e a nossa agricultura [Brasil]
_bConferencia realizada no Congresso Agronomico de Piracicaba, em 26 de Novembro de 1936
260 3 _aSao Paulo, SP (Brasil):
_bImprensa Nacional,
_c1942.
500 _aCorrea, P. de L. De re rustica, discursos e conferencias Sao Paulo, SP (Brasil): Imprensa Nacional, 1942. p. 79-98 (BR4200009-AM)L00
650 _aCONSERVACAO DO SOLO
650 _aEROSAO DO SOLO
773 0 _tDe re rustica, discursos e conferencias
_aCorrea, P. de L.
_wL00 BR4200009
_gSao Paulo, SP (Brasil), 1942. p. 79-98
909 _a202404
_bLucia
_c55
_dLucia Elande
942 _cAM
_2AGRIS
999 _c301476
_d301476